Fundamentals of corporate finance
Brealey, Myers, Marcus were applauded for their intuitive approach and imbedded examples. Professors constantly praised their well-organized and thoughtful writing style and their clear exposition of what many students consider difficult material. The authors accomplished this without sacrificing an...
Tallennettuna:
| Päätekijä: | |
|---|---|
| Aineistotyyppi: | Kirja |
| Kieli: | Undetermined |
| Julkaistu: |
New York
McGraw-Hill
1995
|
| Aiheet: | |
| Tagit: |
Lisää tagi
Ei tageja, Lisää ensimmäinen tagi!
|
| Thư viện lưu trữ: | Trung tâm Học liệu Trường Đại học Cần Thơ |
|---|
| LEADER | 00954nam a2200217Ia 4500 | ||
|---|---|---|---|
| 001 | CTU_23787 | ||
| 008 | 210402s9999 xx 000 0 und d | ||
| 020 | |c 202000 | ||
| 082 | |a 658.15 | ||
| 082 | |b B828/1995 | ||
| 100 | |a Brealey, Richard A. | ||
| 245 | 0 | |a Fundamentals of corporate finance | |
| 245 | 0 | |c Richard A. Brealey, Alan J. Marcus, Stewart C. Myers | |
| 260 | |a New York | ||
| 260 | |b McGraw-Hill | ||
| 260 | |c 1995 | ||
| 520 | |a Brealey, Myers, Marcus were applauded for their intuitive approach and imbedded examples. Professors constantly praised their well-organized and thoughtful writing style and their clear exposition of what many students consider difficult material. The authors accomplished this without sacrificing an up-to-date, technically correct treatment of core topic areas. | ||
| 650 | |a Corporations | ||
| 650 | |x Finance | ||
| 904 | |i Phượng, Hải | ||
| 980 | |a Trung tâm Học liệu Trường Đại học Cần Thơ | ||